| 000 | 00634nam a22001937a 4500 | ||
|---|---|---|---|
| 005 | 20170127084307.0 | ||
| 008 | 170127b1992 mx||||| |||| 00|10 dspad | ||
| 020 | _a9684329695 | ||
| 050 | 0 | 5 |
_aKGF480 _bC43 1992 |
| 100 | 1 |
_aChávez Asencio, Manuel F., _eautor |
|
| 245 | 1 | 3 |
_aLa familia en el derecho : _brelaciones jurídicas paterno filiales / _cManuel F. Chávez Asencio. |
| 250 | _aSegunda edición | ||
| 260 |
_aMéxico : _bPorrúa, _cc1992 |
||
| 300 |
_axvii, 430 páginas ; _c23 cm. |
||
| 504 | _aBibliografía : p. 403-408 | ||
| 504 | _aIncluye índice | ||
| 650 | 7 |
_2lemb _aDerecho de famiilia _zMéxico |
|
| 942 |
_2lcc _cLIB |
||
| 999 |
_c124807 _d124807 |
||